Normal view
MARC view
- Instruction Set of 8086 Microprocessor
Entry Topical Term
001 - CONTROL NUMBER
- control field: 216190
003 - CONTROL NUMBER IDENTIFIER
- control field: OSt
005 - DATE AND TIME OF LATEST TRANSACTION
- control field: 20260107114449.0
008 - FIXED-LENGTH DATA ELEMENTS
- fixed length control field: 260107|| aca||aabn | a|a d
040 ## - CATALOGING SOURCE
- Original cataloging agency: OSt
- Transcribing agency: OSt
150 ## - HEADING--TOPICAL TERM
- Topical term or geographic name entry element: Instruction Set of 8086 Microprocessor
670 ## - SOURCE DATA FOUND
- Source citation: Work cat.: (OSt)369707: Microprocessor & Programming, 2014